Foundations for practice in occupational therapy. (5th ed.) (Record no. 63872)
[ view plain ]
| 000 -LEADER | |
|---|---|
| fixed length control field | 00892nam a2200193 a 4500 |
| 008 - FIXED-LENGTH DATA ELEMENTS--GENERAL INFORMATION | |
| fixed length control field | 130516s2011 ||||||||||||||||| || u |
| 020 ## - INTERNATIONAL STANDARD BOOK NUMBER | |
| International Standard Book Number | 9780702032325 |
| 050 ## - LIBRARY OF CONGRESS CALL NUMBER | |
| Classification number | RM 735 Fou |
| 100 ## - MAIN ENTRY--PERSONAL NAME | |
| Personal name | Duncan, Edward A. S |
| 245 10 - TITLE STATEMENT | |
| Title | Foundations for practice in occupational therapy. (5th ed.) |
| Statement of responsibility, etc. | edited by Edward A. S. Duncan |
| 250 ## - EDITION STATEMENT | |
| Edition statement | 5th ed. |
| 260 ## - PUBLICATION, DISTRIBUTION, ETC. | |
| Place of publication, distribution, etc. | Edinburgh, London: |
| Name of publisher, distributor, etc. | Elsevier |
| Date of publication, distribution, etc. | 2011 |
| 300 ## - PHYSICAL DESCRIPTION | |
| Extent | xviii, 265p.: ill. |
| 500 ## - GENERAL NOTE | |
| General note | SCHOOL OF MEDICINE |
| 650 #2 - SUBJECT ADDED ENTRY--TOPICAL TERM | |
| Topical term or geographic name entry element | OCCUPATIONAL THERAPY |
| 650 #2 - SUBJECT ADDED ENTRY--TOPICAL TERM | |
| Topical term or geographic name entry element | MODELS--THEORETICAL |
| 995 ## - | |
| -- | MICHAEL CHILUFYA SATA OPEN ACCESS |
| -- | 902042 |
| -- | CBU-SCHOOL OF MEDICINE LIBRARY (Ndola) |
| -- | RM 735 Fou |
| -- | 2 |
| -- | AVAILABLE |
| -- | May 17, 2013 |
| -- | 902042 |
| -- | Medical Library Open Access Collection |
| 995 ## - | |
| -- | MEDICAL LIBRARY OPEN ACCESS |
| -- | 902041 |
| -- | CBU-SCHOOL OF MEDICINE LIBRARY (Ndola) |
| -- | RM 735 Fou |
| -- | 1 |
| -- | AVAILABLE |
| -- | May 17, 2013 |
| -- | 902041 |
| -- | Medical Library Open Access Collection |
| 999 ## - | |
| -- | 63872 |
| -- | 63872 |
| Withdrawn status | Lost status | Source of classification or shelving scheme | Damaged status | Not for loan | Permanent Location | Current Location | Shelving location | Date acquired | Total Checkouts | Full call number | Barcode | Date last seen | Copy number | Price effective from | Koha item type |
|---|---|---|---|---|---|---|---|---|---|---|---|---|---|---|---|
| CBU-MICHAEL CHILUFYA SATA LIBRARY | CBU-MICHAEL CHILUFYA SATA LIBRARY | 02/01/2023 | RM 735 Fou | 902042 | 02/01/2023 | 1 | 02/01/2023 | MONOGRAPH | |||||||
| CBU-SCHOOL OF MEDICINE LIBRARY, NDOLA. | CBU-SCHOOL OF MEDICINE LIBRARY, NDOLA. | 02/01/2023 | RM 735 Fou | 902041 | 02/01/2023 | 2 | 02/01/2023 | MONOGRAPH |